<?xml version="1.0" encoding="UTF-8"?>
<collection xmlns="http://www.loc.gov/MARC21/slim">
 <record>
  <leader>03507nam a2200325 a 4500</leader>
  <controlfield tag="001">1/45321</controlfield>
  <controlfield tag="008">140825s2007    ne            001 0 eng  </controlfield>
  <datafield tag="020" ind1=" " ind2=" ">
   <subfield code="a">9781558607712</subfield>
  </datafield>
  <datafield tag="020" ind1=" " ind2=" ">
   <subfield code="a">1558607714</subfield>
  </datafield>
  <datafield tag="020" ind1=" " ind2=" ">
   <subfield code="a">9780080498379 (electronic bk.)</subfield>
  </datafield>
  <datafield tag="020" ind1=" " ind2=" ">
   <subfield code="a">008049837X (electronic bk.)</subfield>
  </datafield>
  <datafield tag="035" ind1=" " ind2=" ">
   <subfield code="l">48281</subfield>
  </datafield>
  <datafield tag="040" ind1=" " ind2=" ">
   <subfield code="a">OPELS</subfield>
   <subfield code="b">eng</subfield>
   <subfield code="c">OPELS</subfield>
   <subfield code="d">BAKER</subfield>
   <subfield code="d">OCLCQ</subfield>
   <subfield code="d">N$T</subfield>
   <subfield code="d">YDXCP</subfield>
   <subfield code="d">IDEBK</subfield>
   <subfield code="d">DKDLA</subfield>
   <subfield code="d">UMI</subfield>
   <subfield code="d">CEF</subfield>
   <subfield code="d">E7B</subfield>
   <subfield code="d">UBY</subfield>
   <subfield code="d">ZCU</subfield>
   <subfield code="d">OCLCQ</subfield>
   <subfield code="d">DEBSZ</subfield>
   <subfield code="d">OCLCO</subfield>
   <subfield code="d">OCLCQ</subfield>
   <subfield code="d">OCLCF</subfield>
   <subfield code="d">OCLCQ</subfield>
   <subfield code="d">GR-PeUP</subfield>
  </datafield>
  <datafield tag="100" ind1="1" ind2=" ">
   <subfield code="a">Alexander, Perry.</subfield>
  </datafield>
  <datafield tag="245" ind1="1" ind2="0">
   <subfield code="a">System-level design with Rosetta</subfield>
   <subfield code="h">[electronic resource] /</subfield>
   <subfield code="c">Perry Alexander.</subfield>
  </datafield>
  <datafield tag="260" ind1=" " ind2=" ">
   <subfield code="a">Amsterdam ;</subfield>
   <subfield code="a">Boston :</subfield>
   <subfield code="b">Elsevier ;</subfield>
   <subfield code="a">San Francisco :</subfield>
   <subfield code="b">Morgan Kaufman,</subfield>
   <subfield code="c">c2007.</subfield>
  </datafield>
  <datafield tag="300" ind1=" " ind2=" ">
   <subfield code="a">1 online resource (xxiv, 347 p.) :</subfield>
   <subfield code="b">ill.</subfield>
  </datafield>
  <datafield tag="490" ind1="1" ind2=" ">
   <subfield code="a">The Morgan Kaufmann series in systems on silicon</subfield>
  </datafield>
  <datafield tag="520" ind1=" " ind2=" ">
   <subfield code="a">The steady and unabated increase in the capacity of silicon has brought the semiconductor industry to a watershed challenge. Now a single chip can integrate a radio transceiver, a network interface, multimedia functions, all the &quot;glue&quot; needed to hold it together as well as a design that allows the hardware and software to be reconfigured for future applications. Such complex heterogeneous systems demand a different design methodology. A consortium of industrial and government labs have created a new language and a new design methodology to support this effort. Rosetta permits designers to specify requirements and constraints independent of their low level implementation and to integrate the designs of domains as distinct as digital and analog electronics, and the mechanical, optical, fluidic and thermal subsystems with which they interact. In this book, Perry Alexander, one of the developers of Rosetta, provides a tutorial introduction to the language and the system-level design methodology it was designed to support. * The first commercially published book on this system-level design language * Teaches you all you need to know on how to specify, define, and generate models in Rosetta * A presentation of complete case studies analyzing design trade-offs for power consumption, security requirements in a networking environment, and constraints for hardware/software co-design.</subfield>
  </datafield>
  <datafield tag="505" ind1="0" ind2=" ">
   <subfield code="a">Chapter 1: Introduction -- Chapter 2: Items, Values, Types and Declarations -- Chapter 3: Expressions -- Chapter 4: Elemental Types -- Chapter 5: Composite Types -- Chapter 6: Functions -- Chapter 7: Higher-Order Functions -- Chapter 8: User Defined Types -- Chapter 9: Facet Basics -- Chapter 10: Defining Facets -- Chapter 11: Packages, Libraries and Components -- Chapter 12: Domains -- Chapter 13: Reflection -- Chapter 14: The Facet Algebra -- Chapter 15: Domain Interactions -- Chapter 16: Case Studies -- Chapter 17: RTL Design -- Chapter 18: Power Aware Design -- Chapter 19: Power Aware Modeling Revisited -- Chapter 20: System-Level Networking.</subfield>
  </datafield>
  <datafield tag="504" ind1=" " ind2=" ">
   <subfield code="a">Includes bibliographical references (p. 339-341) and index.</subfield>
  </datafield>
  <datafield tag="650" ind1=" " ind2="4">
   <subfield code="a">Integrated circuits</subfield>
   <subfield code="x">Computer-aided design.</subfield>
  </datafield>
  <datafield tag="655" ind1=" " ind2="4">
   <subfield code="a">Electronic books.</subfield>
  </datafield>
  <datafield tag="830" ind1=" " ind2="0">
   <subfield code="a">Morgan Kaufmann series in systems on silicon.</subfield>
  </datafield>
  <datafield tag="852" ind1=" " ind2=" ">
   <subfield code="a">INST</subfield>
   <subfield code="b">UNIPILB</subfield>
   <subfield code="c">EBOOKS</subfield>
   <subfield code="e">20140825</subfield>
   <subfield code="p">00b48281</subfield>
   <subfield code="q">00b48281</subfield>
   <subfield code="t">ONLINE</subfield>
   <subfield code="y">0</subfield>
  </datafield>
  <datafield tag="856" ind1="4" ind2="0">
   <subfield code="3">ScienceDirect</subfield>
   <subfield code="u">http://www.sciencedirect.com/science/book/9781558607712</subfield>
  </datafield>
  <datafield tag="856" ind1="4" ind2=" ">
   <subfield code="d">/webopac/covers/03/48281_9781558607712.jpg</subfield>
  </datafield>
  <datafield tag="856" ind1="4" ind2=" ">
   <subfield code="d">/webopac/covers/03/48281_1558607714.jpg</subfield>
  </datafield>
  <datafield tag="856" ind1="4" ind2=" ">
   <subfield code="d">/webopac/covers/03/48281_9780080498379.jpg</subfield>
   <subfield code="z">(electronic bk.)</subfield>
  </datafield>
  <datafield tag="856" ind1="4" ind2=" ">
   <subfield code="d">/webopac/covers/03/48281_008049837X.jpg</subfield>
   <subfield code="z">(electronic bk.)</subfield>
  </datafield>
 </record>
</collection>
